000 01225cam a2200313 4500
001 ABS67680
008 040402n2004 000 0 eng u
035 _a(Sirsi) u125733
100 _aWolmar, C.
245 _aCan Prescott conjure up cash for transport?
260 _c2004
490 _aRegeneration and Renewal
_v12 March 2004, 19-23(3)
520 _aFollowing the announcement in early 2003 of government plans to develop new communities in Ashford, Milton Keynes, the M11 corridor and the Thames Gateway thisarticle examines whether there is enough funding available for transport infrastructure to support the development. Reviews a range of funding methods including PFI, securitisation, toll roads and US type models such as tax incremental financing for projects such as Crossrail.
590 _aABS
590 _aABS
650 _aPUBLIC TRANSPORT
650 _aROADS
650 _aCROSSRAIL
650 _aSUSTAINABLE COMMUNITIES
650 _aTHAMES CORRIDOR
650 _aM11 CORRIDOR
650 _aPFI
650 _aSECURITISATION
650 _aSOUTHEAST ENGLAND
650 _aNEW HOUSING
650 _aInfrastructure
_96246
690 _aTRANSPORT AND COMMUNICATIONS
942 _n0
999 _c117165
_d117165